LIBRARY & INFORMATION CENTRE, KCAET, TAVANUR

ONLINE PUBLIC ACCESS CATALOGUE (OPAC)

Comedies, Vol 1 / (Record no. 5843)

MARC details
000 -LEADER
fixed length control field 00459cam a2200181ua 4500
041 ## - LANGUAGE CODE
Language code of text/sound track or separate title eng
082 ## - DEWEY DECIMAL CLASSIFICATION NUMBER
Classification number 822
Item number MOL/CO
100 ## - MAIN ENTRY--AUTHOR NAME
Personal name Moliere, .
245 ## - TITLE STATEMENT
Title Comedies, Vol 1 /
260 ## - PUBLICATION, DISTRIBUTION, ETC. (IMPRINT)
Place of publication London :
Name of publisher J M Dent and Sons Ltd ,
Year of publication 1962.
300 ## - PHYSICAL DESCRIPTION
Number of Pages 427 ; .
490 0# - SERIES STATEMENT
Series statement EVeryman`s Library,
Volume number/sequential designation 830
942 ## - ADDED ENTRY ELEMENTS (KOHA)
Koha item type Books
Holdings
Withdrawn status Lost status Damaged status Home library Current library Date acquired Full call number Accession Number Koha item type
Withdrawn     KAUAET Malayalam University 07/04/2012 822 9833 Books
Withdrawn     KAUAET Sanskrit University 07/04/2012 822 4329 Books
free website counter